Ukotvenie pri vyjednávaní: Posúdenie vplyvu prvotných ponúk na následné výsledky vyjednávania bakalárska práca

Saved in:
Bibliographic Details
Main Author: Krč, Richard
Corporate Author: Národohospodárska fakulta EU. Katedra financií
Other Authors: Pauchlyová, Margaréta, 1998-
Format: Book
Language:Slovak
Published: Bratislava 2025
Tags: Add Tag
No Tags, Be the first to tag this record!

MARC

LEADER 00000nbm a2200000 4500
001 0309327
005 20251015124205.0
041 0 |a slo 
044 |a SK 
245 1 0 |a Ukotvenie pri vyjednávaní: Posúdenie vplyvu prvotných ponúk na následné výsledky vyjednávania  |b bakalárska práca  |c Richard Krč ; školiteľ: Margaréta Pauchlyová 
264 1 |a Bratislava  |c 2025 
300 |a 41 s. 
100 1 |a Krč, Richard 
700 1 |a Pauchlyová, Margaréta, 1998- 
710 2 |a Národohospodárska fakulta EU. Katedra financií